山手線1周よりも長い路線 -サドンデス- - Statistics

General Stats
  • This quiz has been taken 935 times
  • The average score is 12 of 17
Answers on the Grid
Answers color-coded by a green-red scale on the quiz's grid according to % correct below.
東海道新幹線
北海道新幹線
山陽新幹線
西九州新幹線
JR東北本線
JR留萌本線
JR山陰本線
JR日高本線
JR常磐線
JR鶴見線
JR五日市線
JR武蔵野線
東武大師線
東武野田線
西武池袋線
西武新宿線
京成千葉線
京成千原線
京王京王線
京王井の頭線
小田急小田原線
小田急多摩線
京急本線
京急空港線
都営大江戸線
都電荒川線
東京メトロ
銀座線
東京メトロ
日比谷線
ゆりかもめ
つくば
エクスプレス
秩父鉄道
秩父本線
芝山鉄道線
 
Answer Stats
Answer % Correct
515.4 km 東海道新幹線
99%
553.7 km 山陽新幹線
97%
535.3 km JR東北本線
92%
148.8 km 北海道新幹線
82%
673.8 km JR山陰本線
82%
343.7 km JR常磐線
76%
100.6km JR武蔵野線
68%
82.5 km 小田急小田原線
67%
66.0 km 西九州新幹線
65%
57.8 km 西武池袋線
61%
56.7 km 京急本線
61%
58.3 km つくば
エクスプレス
61%
37.9 km 京王京王線
57%
47.5 km 西武新宿線
55%
40.7 km 都営大江戸線
53%
62.7 km 東武野田線
52%
71.7 km 秩父鉄道
秩父本線
44%
No matching quizzes found
Score Distribution
Percent of People with Each Score
Percentile by Number Answered
Your Score History
You have not taken this quiz